[Event "SWE-chT 1011"]
[Site "Sweden"]
[Date "2011.01.15"]
[Round "6"]
[White "Norberg, Erik"]
[Black "Aperia, Jakob"]
[Result "1-0"]
[WhiteElo "2247"]
[BlackElo "2071"]
[PlyCount "63"]
[EventDate "2010.10.08"]
[EventType "team-tourn"]
[EventRounds "11"]
[EventCountry "SWE"]
[SourceTitle "EXT 2012"]
[Source "ChessBase"]
[SourceDate "2011.11.24"]
[SourceVersion "1"]
[SourceVersionDate "2011.11.24"]
[SourceQuality "1"]
[WhiteTeam "Vasteras"]
[BlackTeam "Team Viking"]
[WhiteTeamCountry "SWE"]
[BlackTeamCountry "SWE"]

1. c4 c6 2. g3 d5 3. Bg2 Nf6 4. b3 dxc4 5. bxc4 Qd4 6. Nc3 Qxc4 7. Ba3 Qa6 8. Qb3 Qb6 9. Qa4 g6 10. Nf3 Bg7 11. 0-0 Qd8 12. d4 0-0 13. e4 Nbd7 14. Rad1 b5 15. Qc2 Nb6 16. d5 cxd5 17. exd5 Bb7 18. d6 exd6 19. Bxd6 Re8 20. Nxb5 Nfd5 21. Ba3 Ba6 22. Qb3 Qd7 23. Nd6 Bxf1 24. Bxf1 Re6 25. Bh3 f5 26. Rxd5 Nxd5 27. Qxd5 Rae8 28. Bf1 Kh8 29. Bb5 Rxd6 30. Bxd6 Qe6 31. Qb7 Rd8 32. Ng5 1-0

[Event "SWE-chT 0910"]
[Site "Sweden"]
[Date "2010.03.13"]
[Round "10"]
[White "Nyberg, Ulf"]
[Black "Norberg, Erik"]
[Result "0-1"]
[WhiteElo "2178"]
[BlackElo "2243"]
[PlyCount "58"]
[EventDate "2009.10.16"]
[EventType "team"]
[EventRounds "11"]
[EventCountry "SWE"]
[SourceTitle "EXT 2011"]
[Source "ChessBase"]
[SourceDate "2010.11.26"]
[SourceVersion "1"]
[SourceVersionDate "2010.11.26"]
[SourceQuality "1"]
[WhiteTeam "Kamraterna"]
[BlackTeam "Vasteras"]
[WhiteTeamCountry "SWE"]
[BlackTeamCountry "SWE"]

1. d4 g6 2. c4 Bg7 3. Nc3 Nf6 4. e4 d6 5. Be2 0-0 6. f4 c5 7. Nf3 cxd4 8. Nxd4 Nc6 9. Be3 Bd7 10. 0-0 Rc8 11. Qd2 Qa5 12. Nc2 a6 13. a3 Ng4 14. b4 Qd8 15. Rad1 Nxe3 16. Qxe3 b5 17. Rd2 bxc4 18. Rfd1 e5 19. Rxd6 exf4 20. Qf2 Ne5 21. Na4 f3 22. Bxf3 Nd3 23. Qa7 Bxa4 24. Rxd8 Rcxd8 25. Qxa6 Bxc2 26. Rd2 Bb3 27. Be2 c3 28. Rxd3 c2 29. Qc6 Rc8 0-1

[Event "SWE-chT 0910"]
[Site "Sweden"]
[Date "2009.11.14"]
[Round "4"]
[White "Norberg, Erik"]
[Black "Hermansson, Emil"]
[Result "0-1"]
[WhiteElo "2243"]
[BlackElo "2409"]
[PlyCount "62"]
[EventDate "2009.10.16"]
[EventType "team"]
[EventRounds "11"]
[EventCountry "SWE"]
[SourceTitle "EXT 2011"]
[Source "ChessBase"]
[SourceDate "2010.11.26"]
[SourceVersion "1"]
[SourceVersionDate "2010.11.26"]
[SourceQuality "1"]
[WhiteTeam "Vasteras"]
[BlackTeam "Stockholm Rockaden"]
[WhiteTeamCountry "SWE"]
[BlackTeamCountry "SWE"]

1. c4 Nf6 2. g3 c6 3. Bg2 d5 4. Nf3 dxc4 5. a4 Be6 6. Na3 Qd5 7. 0-0 Nbd7 8. b3 cxb3 9. d4 Rd8 10. Ng5 b2 11. Nxe6 Qxe6 12. Bxb2 h5 13. e4 Qg4 14. Qb3 e6 15. d5 Nc5 16. Qc2 cxd5 17. exd5 Nxd5 18. Nb5 a6 19. Bxd5 axb5 20. Bxb7 Nxb7 21. Qc6+ Rd7 22. Rfd1 Bd6 23. Qc8+ Nd8 24. Rd4 Qf3 25. Rad1 Rc7 26. Qb8 Rc2 27. Qxb5+ Ke7 28. R1d2 Rxd2 29. Rxd2 h4 30. Qg5+ f6 31. Qa5 h3 0-1